000 01303nam a2200277Ia 4500
001 23720
003 GE_BSU
008 181216s||||||||xx |||||||||||||| ||und||
040 _cGE_BSU
080 _a94(479.22)"06/11
100 _aჯავახიშვილი, ი. (ივანე, 1876-1940)
245 _aქართველი ერის ისტორია. წ. 2 :
245 _bVII-XII სს.
245 _cს. ყაუხჩიშვილის, დ. გვრიტიშვილის და შ. მესხიას შესავალი წერილით
250 _aთბილისის სახ. უნივერსიტეტი. საქ. ისტორიის კათედრა.
260 _aთბილისი
260 _bსაბჭ. საქართველო
260 _c1965
300 _a471 გვ. : ილ., 1ფ. სქემ. 24 სმ.
300 _eბიბლიოგრ. შენიშვნებში. საძიებლ. გვ. 436-469
520 _aპარალ. სათ. რუს. ენ.
541 _h12 ლ.
653 _aსაქართველოს ისტორია
653 _aქართველი ერის ისტორია. წ. 2
942 _cBK
999 _c56604
_d56604